Disciplined Dreaming : A Proven System to Drive Breakthrough Creativity /

Contenido: 1) El caso de la creatividad; 2) Sueño disciplinado: su sistema para la creatividad. Primer paso, preguntar: 3) Definir el cambio creativo; 4) Conducir a la curiosidad y el conocimiento. Segundo paso, preparar: 5) Obtener las claves para una mente creativa y culta; 6) Preparar el entorno...

Celý popis

Uloženo v:
Podrobná bibliografie
Hlavní autor: Linkner, Josh (autor)
Médium: Kniha
Jazyk:angličtina
Vydáno: San Francisco, EUA : Jossey-Bass, 2011, c2011
Témata:
Tagy: Přidat tag
Žádné tagy, Buďte první, kdo vytvoří štítek k tomuto záznamu!

MARC

LEADER 00000nam^a2200000^a^4500
001 000321970
005 20250521000000.0
009 20260310113557.682
022 |a 978-0-470-92222-4 
022 |a 0470922222 
037 |a Acervo ITESO - Biblioteca 
041 |a ING 
082 |a 658. 409  |b LIN 
100 |a Linkner, Josh  |e (autor) 
245 1 0 |a Disciplined Dreaming :  |b A Proven System to Drive Breakthrough Creativity /  |c J. Linkner. 
264 4 |a San Francisco, EUA :  |b Jossey-Bass,  |c 2011, c2011 
300 |a XI, 235 p. 
336 |a texto  |b txt  |2 rdacontenido 
337 |a sin mediación  |b n  |2 rdamedio 
338 |a volumen  |b nc  |2 rdasoporte 
520 |a Contenido: 1) El caso de la creatividad; 2) Sueño disciplinado: su sistema para la creatividad. Primer paso, preguntar: 3) Definir el cambio creativo; 4) Conducir a la curiosidad y el conocimiento. Segundo paso, preparar: 5) Obtener las claves para una mente creativa y culta; 6) Preparar el entorno para promover la pasión creativa. Tercer paso, descubrir: 7) Descubrir los caminos de la creatividad. Cuarto paso, encender: 8) Generar chispas creativas; 9) Encender la chispa de la creatividad: ocho técnicas poderosas. Quinto paso, lanzamiento: 10) Ofrecer tus ideas vitales: puesta en marcha. 
521 |a 2012 BO Licenciatura en Publicidad y Comunicación Estratégica 
649 |a XX 
650 |a Exito Administrativo -  |x Tema Principal 
650 |a Creatividad en los Negocios -  |x Tema Principal 
650 |a Proceso Administrativo -  |x Dirección 
650 |a Ciencias Administrativas 
910 |a Fondo General 
920 |a Impresos - Libros 
930 |a Colección General 
905 |a 101 
901 |a 0500209118  |b IT1  |c ACC  |i C132294  |u 20250521 
902 |a https://opac.biblio.iteso.mx/vufind/Record/000321970